The Real Estate Appraiser (Record no. 119078)

MARC details
000 -LEADER
fixed length control field 00666cas a22002055a 4500
001 - CONTROL NUMBER
control field L139224
008 - FIXED-LENGTH DATA ELEMENTS--GENERAL INFORMATION
fixed length control field 070724c19631978xxumr p 0 a0eng u
035 ## - SYSTEM CONTROL NUMBER
System control number (Sirsi) u139224
041 0# - LANGUAGE CODE
Language code of text/sound track or separate title eng
110 2# - MAIN ENTRY--CORPORATE NAME
Corporate name or jurisdiction name as entry element Society of Real Estate Appraisers
9 (RLIN) 2098
245 04 - TITLE STATEMENT
Title The Real Estate Appraiser
260 ## - PUBLICATION, DISTRIBUTION, ETC.
Place of publication, distribution, etc. Chicago
Name of publisher, distributor, etc. Society fo Real Estate Appraisers
362 0# - DATES OF PUBLICATION AND/OR SEQUENTIAL DESIGNATION
Dates of publication and/or sequential designation 29(1) January 1963-44(4) July/August 1978
554 ## -
-- 12 per year
-- 1963-1967
-- Six per year
-- 1968-1978
651 #4 - SUBJECT ADDED ENTRY--GEOGRAPHIC NAME
Geographic name United States
690 ## - LOCAL SUBJECT ADDED ENTRY--TOPICAL TERM (OCLC, RLIN)
Topical term or geographic name as entry element PROPERTY-PROPERTY APPRAISAL AND VALUATION
780 00 - PRECEDING ENTRY
Title Residential Appraiser
785 00 - SUCCEEDING ENTRY
Title Real Estate Appraiser and Analyst
International Standard Serial Number 0271-258X
942 ## - ADDED ENTRY ELEMENTS (KOHA)
Suppress in OPAC 0
Holdings
Withdrawn status Lost status Source of classification or shelving scheme Damaged status Not for loan Home library Current library Shelving location Date acquired Total Checkouts Full call number Barcode Date last seen Price effective from Koha item type
    Dewey Decimal Classification     London London Basement 24/07/2007   REAL ESTATE APPRAISER AND ANALYST 139224-1001 06/08/2019 06/08/2019 Journal